| 000 | 00489nam a22001457a 4500 | ||
|---|---|---|---|
| 003 | MACL | ||
| 005 | 20200722131402.0 | ||
| 008 | 200722b xxu||||| |||| 00| 0 eng d | ||
| 040 | _cMACL | ||
| 100 |
_aइन्द्रा _979161 |
||
| 245 | _aनिर्भीक संन्यासी स्वामी रामतीर्थ | ||
| 260 |
_aदिल्ली _bहर्षिता प्रकाशन _c2019 |
||
| 650 |
_aजीवनी _97943 |
||
| 942 |
_2ddc _cHIN |
||
| 999 |
_c62760 _d62760 |
||